[Event "Challenge Frank"]
[Site "SchemingMind.com"]
[Date "2015.06.28"]
[Round "-"]
[White "frankly"]
[Black "Simon Green"]
[Result "1-0"]
[WhiteCountry "ENG"]
[BlackCountry "ENG"]
[WhiteElo "2436"]
[WhiteRD "60"]
[BlackElo "1559"]
[BlackRD "51"]
[GameID "382657"]

1. d4 e6 2. e4 d5 3. Nc3 Nf6 4. Bg5 Be7 5. e5 Nfd7 6. Bxe7 Qxe7 7. Nb5 Nb6 8. Bd3 a6 9. Nc3 Nc6 10. Nf3 f5
11. a4 Na5 12. Ne2 Qb4+ 13. Qd2 Qxd2+ 14. Kxd2 Bd7 15. Nf4 h6 16. h4 Nac4+ 17. Kc3 Nxa4+ 18. Rxa4 Bxa4 19. b3 Bxb3 20. cxb3 Nb6
21. Nxe6 Kd7 22. Bxf5 Kc6 23. Rc1 g5 24. Kb2+
1-0

[Event "Challenge Frank"]
[Site "SchemingMind.com"]
[Date "2015.06.28"]
[Round "-"]
[White "Scooter"]
[Black "fanfan_la_Tulipe"]
[Result "0-1"]
[WhiteCountry "USA"]
[BlackCountry "AUT"]
[WhiteElo "1710"]
[WhiteRD "48"]
[BlackElo "2087"]
[BlackRD "70"]
[GameID "382669"]

1. d4 Nf6 2. Bf4 g6 3. Nf3 Bg7 4. e3 O-O 5. Be2 c5 6. c3 b6 7. O-O Bb7 8. Nbd2 d6 9. h3 Nbd7 10. Rc1 Qc7
11. c4 e5 12. dxe5 dxe5 13. Bg5 h6 14. Bxf6 Bxf6 15. b3 e4 16. Nh2 Bg7 17. Qc2 f5 18. Rfd1 Ne5 19. Nb1 Rad8 20. Rxd8 Rxd8
21. Rd1 Rd7 22. Rxd7 Qxd7 23. Qd2 Kf7 24. Qxd7+ Nxd7 25. Nf1 Ke6 26. g4 Ne5 27. Ng3 fxg4 28. Bxg4+ Nxg4 29. hxg4 Bb2 30. Nd2 Ke5
31. Kf1 Bc1 32. Ke2 Bxd2 33. Kxd2 Bc8 34. g5 h5 35. Ke2 h4 36. Nh1 Bg4+ 37. Kf1 Bf3 38. Kg1 Kf5
0-1

[Event "Challenge Frank"]
[Site "SchemingMind.com"]
[Date "2015.06.28"]
[Round "-"]
[White "fanfan_la_Tulipe"]
[Black "Scooter"]
[Result "1-0"]
[WhiteCountry "AUT"]
[BlackCountry "USA"]
[WhiteElo "2070"]
[WhiteRD "72"]
[BlackElo "1713"]
[BlackRD "49"]
[GameID "382670"]

1. f4 d5 2. Nf3 Nf6 3. b3 g6 4. Bb2 Bg7 5. e3 O-O 6. Be2 Bg4 7. O-O Nbd7 8. h3 Bxf3 9. Bxf3 c6 10. d3 Re8
11. d4 Ne4 12. Nd2 Ng3 13. Re1 e6 14. c4 Rc8 15. Kh2 Nf5 16. g4 Ne7 17. e4 dxe4 18. Nxe4 Qc7 19. Qd2 f5 20. Ng5 e5
21. Ne6 Qd6 22. Nxg7 Kxg7 23. fxe5 Qc7 24. Kg2 Rcd8 25. e6 fxg4 26. d5+ Kg8 27. hxg4 Nc5 28. Qd4
1-0

[Event "Challenge Frank"]
[Site "SchemingMind.com"]
[Date "2015.06.29"]
[Round "-"]
[White "Transcendent"]
[Black "fanfan_la_Tulipe"]
[Result "0-1"]
[WhiteCountry "ENG"]
[BlackCountry "AUT"]
[WhiteElo "1606"]
[WhiteRD "64"]
[BlackElo "2070"]
[BlackRD "72"]
[GameID "382671"]

1. d4 Nf6 2. c4 g6 3. g3 Bg7 4. Bg2 O-O 5. Nc3 d6 6. Nf3 Na6 7. O-O c5 8. d5 Nc7 9. h3 Rb8 10. a4 a6
11. e4 b5 12. axb5 axb5 13. e5 Nfe8 14. exd6 exd6 15. Qe2 Bd7 16. Ra7 bxc4 17. Qxc4 Nb5 18. Ra6 Nxc3 19. bxc3 Bb5
0-1

[Event "Challenge Frank"]
[Site "SchemingMind.com"]
[Date "2015.06.28"]
[Round "-"]
[White "fanfan_la_Tulipe"]
[Black "Transcendent"]
[Result "1-0"]
[WhiteCountry "AUT"]
[BlackCountry "ENG"]
[WhiteElo "2107"]
[WhiteRD "72"]
[BlackElo "1517"]
[BlackRD "52"]
[GameID "382672"]

1. Nf3 d5 2. b3 c5 3. Bb2 Nc6 4. e3 Nf6 5. Bb5 e6 6. Ne5 Bd7 7. Bxc6 Bxc6 8. Nxc6 bxc6 9. O-O Be7 10. f4 O-O
11. d3 a5 12. a4 Rb8 13. Nd2 Qc7 14. g4 Rfd8 15. g5 Ne8 16. Qh5 g6 17. Qh6 Bf8 18. Qh4 Bg7 19. Bxg7 Nxg7 20. Rae1 Nf5
21. Qf2 d4 22. Nc4 Rb4 23. e4 Nd6 24. Ne5 Ne8 25. h4 Ng7 26. Ng4 Ne8 27. Nf6+ Nxf6 28. gxf6 Qd6 29. e5 Qf8 30. Qg2 Qh6
31. Qg4 c4 32. dxc4 c5 33. Rf3 Rd7 34. Rh3 d3 35. cxd3 Rxb3 36. Qf3 Rd4 37. Rf1 Qf8 38. h5 Rxc4 39. hxg6 fxg6 40. Qh1 Qd8
41. dxc4 Qd4+ 42. Kg2 Rb2+ 43. Kg3 Qxc4 44. Qa8+
1-0

[Event "Challenge Frank"]
[Site "SchemingMind.com"]
[Date "2015.06.28"]
[Round "-"]
[White "ray winteringham"]
[Black "fanfan_la_Tulipe"]
[Result "0-1"]
[WhiteCountry "ENG"]
[BlackCountry "AUT"]
[WhiteElo "1497"]
[WhiteRD "49"]
[BlackElo "2061"]
[BlackRD "71"]
[GameID "382673"]

1. e4 e5 2. Nf3 Nc6 3. h3 Nf6 4. Bc4 Nxe4 5. d3 Nf6 6. Bxf7+ Kxf7 7. Bg5 Be7 8. Qe2 Re8 9. O-O d6 10. Nh4 Nd4
11. Qd1 Ne6 12. Bxf6 Bxf6 13. Qh5+ Kg8 14. Nf5 Nf4 15. Qg4 Bxf5 16. Qxf5 Qc8 17. Qe4 d5 18. Qe1 Qf5 19. Nc3 Qg6 20. g3 Nxh3+
21. Kg2 Nf4+ 22. Kg1 c6 23. Ne2 Nxe2+ 24. Qxe2 e4 25. Qd2 exd3 26. cxd3 Bd4 27. Kg2 Re5 28. Rab1 Rae8 29. Rfe1 h5 30. f4 Rxe1
31. Rxe1 Rxe1 32. Qxe1 h4 33. b3 Qxg3+ 34. Kh1 Qh3#
0-1

[Event "Challenge Frank"]
[Site "SchemingMind.com"]
[Date "2015.06.28"]
[Round "-"]
[White "fanfan_la_Tulipe"]
[Black "Simon Green"]
[Result "1-0"]
[WhiteCountry "AUT"]
[BlackCountry "ENG"]
[WhiteElo "2061"]
[WhiteRD "71"]
[BlackElo "1559"]
[BlackRD "51"]
[GameID "382675"]

1. f4 e6 2. Nf3 d5 3. b3 Nf6 4. Bb2 Be7 5. e3 O-O 6. Bd3 c5 7. O-O Nc6 8. a3 b6 9. Ne5 Nxe5 10. Bxe5 Nd7
11. Bb2 f5 12. Qe1 Nf6 13. Qg3 Rf7 14. Be2 Ne4 15. Qe1 a5 16. d3 Nd6 17. Nd2 Ba6 18. Nf3 Bf6 19. Ne5 Bxe5 20. Bxe5 g6
21. g4 Raa7 22. g5 Qf8 23. h4 Nb5 24. a4 Nc7 25. h5 Ne8 26. Qh4 Ng7 27. hxg6 hxg6 28. Kf2 Nh5 29. Bxh5 gxh5 30. Qxh5 Rh7
31. Qg6+ Rhg7 32. Bxg7 Qxg7 33. Qe8+ Qf8 34. Qxe6+ Qf7 35. Qxf7+ Rxf7 36. Rh1 Rg7 37. Rh6 Rb7 38. Rd6
1-0

[Event "Challenge Frank"]
[Site "SchemingMind.com"]
[Date "2015.06.28"]
[Round "-"]
[White "Simon Green"]
[Black "fanfan_la_Tulipe"]
[Result "0-1"]
[WhiteCountry "ENG"]
[BlackCountry "AUT"]
[WhiteElo "1559"]
[WhiteRD "51"]
[BlackElo "2061"]
[BlackRD "71"]
[GameID "382676"]

1. d4 Nf6 2. e3 g6 3. Bd3 Bg7 4. f4 c5 5. c3 Nc6 6. Nf3 b6 7. O-O O-O 8. Nbd2 Bb7 9. Qe1 cxd4 10. exd4 d6
11. Ne4 Nd5 12. c4 Ndb4 13. Qe3 d5 14. cxd5 Qxd5 15. Nc3 Bxd4 16. Nxd4 Qxd4 17. Qxd4 Nxd4 18. Be3 Rfd8 19. Bxd4 Rxd4 20. Be2 Rd2
21. Rad1 Rad8 22. b3 Nc2 23. Rxd2 Rxd2 24. Bf3 Bxf3 25. gxf3 Nb4 26. a3 Nd5 27. Nxd5 Rxd5 28. Kg2 Rd3 29. Rb1 Kg7 30. Kg3 Kf6
31. h4 h5 32. Kf2 Kf5 33. Re1 Rxb3 34. Rxe7 Rxa3 35. Rxf7+ Ke6 36. Rc7 b5 37. Rb7 a6 38. Rb6+ Kf5 39. Rc6 Kxf4 40. Rxg6 Ra2+
0-1

[Event "Challenge Frank"]
[Site "SchemingMind.com"]
[Date "2015.06.28"]
[Round "-"]
[White "fanfan_la_Tulipe"]
[Black "Chessibelle"]
[Result "1-0"]
[WhiteCountry "AUT"]
[BlackCountry "ENG"]
[WhiteElo "2061"]
[WhiteRD "71"]
[BlackElo "1215"]
[BlackRD "58"]
[GameID "382677"]

1. f4 Nc6 2. Nf3 Nf6 3. b3 d5 4. Bb2 Ne4 5. d3 Nf6 6. Nbd2 e6 7. e4 Bd6 8. e5 Nd7 9. exd6 cxd6 10. Bxg7 Rg8
11. Bb2 b6 12. g3 Ba6 13. Bh3 Qc8 14. O-O Qd8 15. Ng5 Nf6 16. Re1 Bc8 17. Qe2 Nb4 18. Nf1 Qc7 19. Bxf6 Nxc2 20. Rac1 Nb4
21. Rxc7
1-0

[Event "Challenge Frank"]
[Site "SchemingMind.com"]
[Date "2015.06.28"]
[Round "-"]
[White "Chessibelle"]
[Black "fanfan_la_Tulipe"]
[Result "0-1"]
[WhiteCountry "ENG"]
[BlackCountry "AUT"]
[WhiteElo "1215"]
[WhiteRD "58"]
[BlackElo "2061"]
[BlackRD "71"]
[GameID "382678"]

1. Nf3 Nf6 2. d4 g6 3. e3 Bg7 4. Nc3 O-O 5. Be2 c5 6. Bd2 b6 7. Bd3 Bb7 8. Qe2 d5 9. O-O-O c4 10. Ng5 cxd3
11. Qxd3 Nc6 12. f3 e5 13. Rde1 exd4 14. exd4 Qd7 15. Ne2 Rfe8 16. b3 Rac8 17. g3 h6 18. Nh3 Qxh3 19. Ref1 Rxe2 20. Bc3 Rxh2
21. Rhg1 Rg2 22. Rh1 Qxg3 23. Be1 Qf4+ 24. Kb1 Qxd4 25. Bc3 Qxd3 26. cxd3 d4 27. Be1 Ne5 28. Bb4 Nxd3 29. Ba3 Nd5 30. Rd1 Nc3+
0-1

[Event "Challenge Frank"]
[Site "SchemingMind.com"]
[Date "2015.06.28"]
[Round "-"]
[White "fanfan_la_Tulipe"]
[Black "frankly"]
[Result "0-1"]
[WhiteCountry "AUT"]
[BlackCountry "ENG"]
[WhiteElo "2070"]
[WhiteRD "72"]
[BlackElo "2460"]
[BlackRD "56"]
[GameID "382679"]

1. Nf3 Nf6 2. g3 c5 3. Bg2 Nc6 4. O-O e5 5. d3 d5 6. Nbd2 Bd6 7. e4 d4 8. Nc4 Bc7 9. a4 h6 10. Nh4 O-O
11. Nf5 Rb8 12. h3 a6 13. f4 exf4 14. Bxf4 Bxf5 15. exf5 Bxf4 16. Rxf4 b5 17. axb5 axb5 18. Nd2 Nb4 19. Ne4 Nbd5 20. Nxf6+ Nxf6
21. Qd2 Re8 22. Kh2 Qd6 23. Bf3 Re3 24. Qg2 Rc8 25. Ra5 c4 26. dxc4 bxc4 27. Qd2 Qb6 28. Ra8 Rxa8 29. Bxa8 Qxb2 30. Rxd4 Rc3
31. Rd8+ Kh7
0-1

[Event "Challenge Frank"]
[Site "SchemingMind.com"]
[Date "2015.06.28"]
[Round "-"]
[White "frankly"]
[Black "fanfan_la_Tulipe"]
[Result "1-0"]
[WhiteCountry "ENG"]
[BlackCountry "AUT"]
[WhiteElo "2463"]
[WhiteRD "57"]
[BlackElo "2087"]
[BlackRD "70"]
[GameID "382680"]

1. e4 e5 2. Nf3 Nc6 3. Bb5 a6 4. Bxc6 dxc6 5. O-O Qd6 6. d3 Ne7 7. a4 Ng6 8. b3 Be7 9. Nbd2 O-O 10. Nc4 Qe6
11. a5 Rb8 12. Ne3 b5 13. axb6 cxb6 14. Nf5 Re8 15. h4 Bf8 16. h5 Ne7 17. Ne3 c5 18. Re1 Bb7 19. Bb2 f6 20. Nh4 Red8
21. f4 exf4 22. Nef5 Nxf5 23. Nxf5 g6 24. hxg6 hxg6 25. Qg4 Kf7 26. Qh3 gxf5 27. exf5 Qd5 28. Qh5+ Kg8 29. Qg6+ Bg7 30. Re7 Qxg2+
31. Qxg2 Bxg2 32. Kxg2 Kf8 33. Re6 a5 34. Kf3 Re8 35. Rae1 Kf7 36. Rxe8 Rxe8 37. Rxe8 Kxe8 38. c4 Kf7 39. Kxf4 Ke7 40. Bc3 Bh6+
41. Ke4 Bg5 42. Kd5 Kd7 43. Ba1 Bh4 44. d4
1-0

[Event "Challenge Frank"]
[Site "SchemingMind.com"]
[Date "2015.06.29"]
[Round "-"]
[White "Scooter"]
[Black "kenneth m day"]
[Result "1-0"]
[WhiteCountry "USA"]
[BlackCountry "USA"]
[WhiteElo "1710"]
[WhiteRD "48"]
[BlackElo "1630"]
[BlackRD "54"]
[GameID "382704"]

1. d4 d5 2. Nf3 Nf6 3. Bf4 c5 4. c3 Nc6 5. e3 Qb6 6. Qb3 Qxb3 7. axb3 e6 8. Bb5 Bd7 9. O-O a6 10. Bxc6 Bxc6
11. Nbd2 Be7 12. Ne5 O-O 13. Nxc6 bxc6 14. Bg5 h6 15. Bxf6 Bxf6 16. dxc5 Rfb8 17. Ra5 Rb5 18. Rfa1 Rxa5 19. Rxa5 Ra7 20. Kf1 Bd8
21. Ra4 Be7 22. b4 Kf8 23. Nb3 Bd8 24. Nd4 Bc7 25. Nxc6 Ra8 26. b5 Ke8 27. b6 Be5 28. Nxe5
1-0

[Event "Challenge Frank"]
[Site "SchemingMind.com"]
[Date "2015.06.29"]
[Round "-"]
[White "kenneth m day"]
[Black "Scooter"]
[Result "0-1"]
[WhiteCountry "USA"]
[BlackCountry "USA"]
[WhiteElo "1685"]
[WhiteRD "50"]
[BlackElo "1723"]
[BlackRD "47"]
[GameID "382705"]

1. e4 c6 2. c4 d5 3. cxd5 cxd5 4. exd5 Qxd5 5. Nc3 Qd8 6. d4 g6 7. Nf3 Bg7 8. Be3 Bg4 9. Be2 Nf6 10. O-O O-O
11. h3 Bxf3 12. Bxf3 Nc6 13. Re1 e6 14. Rc1 Rb8 15. a3 Nd5 16. Nxd5 exd5 17. b4 Qb6 18. Bxd5 Bxd4 19. Bxc6 Bxe3 20. Rxe3 bxc6
21. Qf3 Rbc8 22. Rec3 f5 23. Rxc6 Rxc6 24. Rxc6 Qd4 25. Qb3+ Kh8 26. Qe6 Qa1+ 27. Kh2 Qd4 28. Rc2 Rd8 29. Qc4 Qe5+ 30. g3 Qe7
31. Re2 Qb7 32. Qc3+ Kg8 33. Qf6 Rf8 34. Re7 Rxf6 35. Rxb7 Rf7 36. Rxf7 Kxf7 37. Kg2 Ke6 38. Kf3 Kd5 39. Kf4 Kc4 40. Ke5 Kb3
41. Kd5 Kxa3 42. Kc5 Ka4 43. b5 Ka5 44. Kc6 Kb4 45. f3 g5 46. b6 axb6 47. Kxb6 Kc4 48. Kc6 Kd3 49. Kd5 Ke3 50. Ke5 f4
51. gxf4 gxf4 52. h4 Kxf3 53. h5 Kg3
0-1

[Event "Challenge Frank"]
[Site "SchemingMind.com"]
[Date "2015.06.30"]
[Round "-"]
[White "Transcendent"]
[Black "kenneth m day"]
[Result "0-1"]
[WhiteCountry "ENG"]
[BlackCountry "USA"]
[WhiteElo "1524"]
[WhiteRD "58"]
[BlackElo "1678"]
[BlackRD "53"]
[GameID "382706"]

1. d4 d5 2. c4 Nc6 3. Nc3 Nf6 4. cxd5 Nxd5 5. e4 Nxc3 6. bxc3 e5 7. d5 Ne7 8. Be3 c6 9. c4 Bd7 10. d6 Ng6
11. c5 Qa5+ 12. Qd2 Qxd2+ 13. Bxd2 b6 14. Be3 Nf4 15. Rc1 Ne6 16. Nf3 bxc5 17. Bxc5 Nxc5 18. Rxc5 Bxd6 19. Rc2 O-O 20. Ba6 Bb4+
21. Ke2 f6 22. Rd1 Rad8 23. Bc4+ Kh8 24. Bb3 c5 25. a4 Bc8 26. Nd2 Ba6+ 27. Ke1 Bd3 28. Rcc1 Bxe4 29. f3 Bb7 30. Ke2 Ba6+
31. Ke3 f5 32. Nc4 Rfe8 33. Rxd8 Rxd8 34. Rc2 h6 35. Nxe5 Re8 36. f4 g5 37. Kf3 Bb7+ 38. Kg3 Be1+ 39. Kh3 g4+ 40. Nxg4 fxg4+
41. Kxg4 Re7 42. Rxc5 Re2 43. Rc7 Rxg2+ 44. Kf5 Rg7 45. Rc1 Bf2 46. Rc2 Bb6 47. Re2 Bc8+ 48. Ke4 Re7+ 49. Kd3 Ba6+
0-1

[Event "Challenge Frank"]
[Site "SchemingMind.com"]
[Date "2015.06.30"]
[Round "-"]
[White "kenneth m day"]
[Black "Transcendent"]
[Result "0-1"]
[WhiteCountry "USA"]
[BlackCountry "ENG"]
[WhiteElo "1685"]
[WhiteRD "50"]
[BlackElo "1517"]
[BlackRD "52"]
[GameID "382707"]

1. e4 e6 2. d4 d5 3. Nd2 Nf6 4. e5 Nfd7 5. Bd3 c5 6. c3 Nc6 7. Ngf3 f6 8. Nf1 fxe5 9. Nxe5 Ndxe5 10. dxe5 Qc7
11. Qh5+ Kd8 12. Bf4 Bd7 13. Ne3 Be8 14. Qg5+ Qe7 15. Qg4 h6 16. O-O-O g5 17. Bg3 h5 18. Qh3 Bg7 19. f4 Bh6 20. fxg5 Bxg5
21. Rde1 d4 22. cxd4 cxd4 23. Re2 dxe3 24. Rf1 Nd4 25. Kd1 Nxe2 26. Kxe2 Qb4 27. Be1 Qxb2+
0-1

[Event "Challenge Frank"]
[Site "SchemingMind.com"]
[Date "2015.06.29"]
[Round "-"]
[White "kenneth m day"]
[Black "ray winteringham"]
[Result "0-1"]
[WhiteCountry "USA"]
[BlackCountry "ENG"]
[WhiteElo "1692"]
[WhiteRD "52"]
[BlackElo "1497"]
[BlackRD "49"]
[GameID "382708"]

1. e4 e5 2. f4 exf4 3. Nf3 g5 4. h4 g4 5. Ne5 d6 6. Nxg4 Nc6 7. d4 Bg7 8. Bb5 Bd7 9. Bxc6 Bxc6 10. Nc3 Qe7
11. Qe2 Bxd4 12. Bxf4 Bxc3+ 13. bxc3 Qxe4 14. Qxe4+ Bxe4 15. O-O O-O-O 16. Rf2 Ne7 17. Nf6 Bc6 18. Re1 Ng6 19. Be3 Kb8 20. Bd4 Nxh4
21. Nh5 Rhg8 22. Nf4 Nf3+ 23. Kf1 Nxe1 24. Kxe1 Rg4 25. Kf1 Re8 26. Nh5 Bb5+ 27. Kg1 Re1+ 28. Kh2 Rh4+ 29. Kg3 Rxh5 30. Rxf7 Re8
31. Kg4 Be2+ 32. Kg3 Bd1
0-1

[Event "Challenge Frank"]
[Site "SchemingMind.com"]
[Date "2015.06.29"]
[Round "-"]
[White "ray winteringham"]
[Black "kenneth m day"]
[Result "0-1"]
[WhiteCountry "ENG"]
[BlackCountry "USA"]
[WhiteElo "1499"]
[WhiteRD "50"]
[BlackElo "1662"]
[BlackRD "51"]
[GameID "382709"]

1. e4 e5 2. Nf3 Nc6 3. Bc4 Bc5 4. O-O Nf6 5. d3 d6 6. Bg5 h6 7. Be3 Bb6 8. h3 O-O 9. Nc3 Be6 10. Bxe6 fxe6
11. Bxb6 axb6 12. Ne2 d5 13. exd5 exd5 14. a3 Qd6 15. Nd2 Rae8 16. f3 Nh5 17. g4 Nf4 18. Nxf4 Rxf4 19. Qe1 Qc5+ 20. Kg2 Qxc2
21. Qc1 Qxd3 22. Qe1 Nd4 23. Qd1 c5 24. Rc1 Qg6 25. Kg3 Nf5+ 26. Kh2 Ne3 27. Qa4 Rxa4
0-1

[Event "Challenge Frank"]
[Site "SchemingMind.com"]
[Date "2015.06.29"]
[Round "-"]
[White "kenneth m day"]
[Black "fanfan_la_Tulipe"]
[Result "0-1"]
[WhiteCountry "USA"]
[BlackCountry "AUT"]
[WhiteElo "1685"]
[WhiteRD "50"]
[BlackElo "2107"]
[BlackRD "72"]
[GameID "382710"]

1. e4 e5 2. f4 exf4 3. Nf3 Ne7 4. d4 d5 5. Nc3 dxe4 6. Nxe4 Nd5 7. Bc4 Be7 8. O-O O-O 9. Ne5 Be6 10. Qe2 Nd7
11. Bxf4 Nxf4 12. Rxf4 Nxe5 13. dxe5 Qd4+ 14. Kh1 Bxc4 15. Qf3 Qxe5 16. c3 f5 17. Ng3 Bd5 18. Qf1 g6 19. Re1 Qd6 20. b3 Bg5
21. Rd4 Qc6 22. c4 Bf7 23. Red1 Rad8 24. Rxd8 Rxd8 25. Rxd8+ Bxd8 26. h3 Bh4 27. Ne2 Qe4 28. Qf3 Qxf3 29. gxf3 Be8 30. Kg2 Kg7
31. Nf4 c6 32. Ne6+ Kf7 33. Nd4 Bf6 34. Ne2 g5 35. Ng3 Ke6 36. Kf2 Be5 37. Ne2 Bg6
0-1

[Event "Challenge Frank"]
[Site "SchemingMind.com"]
[Date "2015.06.29"]
[Round "-"]
[White "fanfan_la_Tulipe"]
[Black "kenneth m day"]
[Result "1-0"]
[WhiteCountry "AUT"]
[BlackCountry "USA"]
[WhiteElo "2130"]
[WhiteRD "72"]
[BlackElo "1678"]
[BlackRD "53"]
[GameID "382711"]

1. f4 e5 2. fxe5 d6 3. Nf3 Nc6 4. e4 dxe5 5. Bb5 Bg4 6. h3 Bh5 7. g4 Bg6 8. d3 Bc5 9. Qe2 Ne7 10. Be3 Bxe3
11. Qxe3 O-O 12. Nbd2 h6 13. O-O-O a6 14. Bxc6 Nxc6 15. g5 h5 16. Nc4 Re8 17. Qc5 Qe7 18. Qxe7 Rxe7 19. Nh4 Bh7 20. Rdf1 Nd4
21. Kd2 b5 22. Ne3 Ne6 23. Nhf5 Bxf5 24. Nxf5 Rd7 25. h4 Nf4 26. Rhg1 Rad8 27. b4 Nh3 28. Rg3 Nf4 29. Rgf3 Re8 30. Ng3 g6
31. Ne2 Ng2 32. Rf6 Nxh4 33. Rxa6 Rd6 34. Ra7 Re7 35. Rf2 Rc6 36. c3 Rb6 37. Ke3 Kg7 38. Rh2 Nf5+ 39. exf5 gxf5 40. Rxh5 Rb8
41. Rh6 Rd7 42. Rc6 f4+ 43. Ke4 Rbd8 44. Nc1 Re8 45. Raxc7 Rdd8 46. Rf6 Kg8 47. Rfxf7 Rf8 48. Rg7+
1-0

[Event "Challenge Frank"]
[Site "SchemingMind.com"]
[Date "2015.06.29"]
[Round "-"]
[White "kenneth m day"]
[Black "Simon Green"]
[Result "1-0"]
[WhiteCountry "USA"]
[BlackCountry "ENG"]
[WhiteElo "1692"]
[WhiteRD "52"]
[BlackElo "1559"]
[BlackRD "51"]
[GameID "382712"]

1. e4 e6 2. d4 d5 3. Nd2 Nf6 4. e5 Nfd7 5. Bd3 c5 6. c3 c4 7. Bc2 b5 8. Ndf3 Be7 9. Ne2 Nc6 10. h4 f5
11. Ng5 Nb6 12. Nf4 Bxg5 13. Qh5+ g6 14. Nxg6 Bxc1 15. Nxh8+ Kd7 16. Qxh7+ Ne7 17. Rxc1 Kc6 18. Nf7 Qg8 19. Qxg8 Ba6 20. Qh7 Re8
21. Nd6 Kd7 22. Nxe8
1-0

[Event "Challenge Frank"]
[Site "SchemingMind.com"]
[Date "2015.06.29"]
[Round "-"]
[White "Simon Green"]
[Black "kenneth m day"]
[Result "1-0"]
[WhiteCountry "ENG"]
[BlackCountry "USA"]
[WhiteElo "1586"]
[WhiteRD "54"]
[BlackElo "1662"]
[BlackRD "51"]
[GameID "382713"]

1. d4 d5 2. e3 Nf6 3. Bd3 g6 4. f4 Bg7 5. Nf3 O-O 6. O-O Ne4 7. Nbd2 Bf5 8. Bxe4 Nc6 9. Bxf5 gxf5 10. c3 Re8
11. Qe1 f6 12. Nb3 e5 13. fxe5 fxe5 14. Qg3 Kh8 15. Nh4 Bf6 16. Nxf5 Rg8 17. Qh3 Qf8 18. dxe5 Nxe5 19. Nbd4 Rg6 20. Ne6 Qf7
21. Nf4 Rg5 22. Nd4 Rag8 23. g3 Qg7 24. Kg2 Ng6 25. Nde6 Nxf4+ 26. exf4 Qg6 27. fxg5 Qe4+ 28. Rf3 Qe2+ 29. Rf2 Qe4+ 30. Kg1 Qe1+
31. Qf1
1-0

[Event "Challenge Frank"]
[Site "SchemingMind.com"]
[Date "2015.06.29"]
[Round "-"]
[White "kenneth m day"]
[Black "Chessibelle"]
[Result "1-0"]
[WhiteCountry "USA"]
[BlackCountry "ENG"]
[WhiteElo "1692"]
[WhiteRD "52"]
[BlackElo "1215"]
[BlackRD "58"]
[GameID "382714"]

1. e4 e5 2. f4 Nc6 3. Nf3 Nf6 4. Bc4 h6 5. O-O Nxe4 6. fxe5 d6 7. Nc3 Nc5 8. d4 Ne6 9. d5 Nc5 10. dxc6 bxc6
11. Qe2 Ne6 12. Bd2 g6 13. Rad1 Be7 14. exd6 cxd6 15. Bc1 f6 16. Bxe6 Qb6+ 17. Kh1 Ba6 18. Qe3 c5 19. Rfe1 f5 20. Bxf5 Rh7
21. Bxg6+ Kd7 22. Bxh7 h5 23. Qxe7+ Kc6 24. Rxd6#
1-0

[Event "Challenge Frank"]
[Site "SchemingMind.com"]
[Date "2015.06.29"]
[Round "-"]
[White "Chessibelle"]
[Black "kenneth m day"]
[Result "0-1"]
[WhiteCountry "ENG"]
[BlackCountry "USA"]
[WhiteElo "1215"]
[WhiteRD "58"]
[BlackElo "1692"]
[BlackRD "52"]
[GameID "382715"]

1. Nf3 d5 2. d4 Nf6 3. Nc3 g6 4. e3 Bg7 5. Bd3 O-O 6. O-O Bg4 7. Be2 Nbd7 8. Bd2 Rc8 9. h3 Bxf3 10. Bxf3 c5
11. Ne2 cxd4 12. Nxd4 e5 13. Nb5 a6 14. Nc3 Nb6 15. b3 Re8 16. a4 e4 17. Be2 Qd6 18. f3 Nfd7 19. f4 Bxc3 20. Bxc3 Rxc3
21. Qd2 Rec8 22. Bg4 Rxc2 23. Qe1 R8c3 24. f5 Nf6 25. Bd1 Rc1 26. Qe2 Rxa1 27. Qe1 Rcc1 28. Qd2 Qc5 29. Kf2 Nbd7 30. Re1 Ne5
31. b4 Qd6 32. Qd4 Nd3+ 33. Ke2 Qg3 34. Rf1 Qxg2+
0-1

[Event "Challenge Frank"]
[Site "SchemingMind.com"]
[Date "2015.06.29"]
[Round "-"]
[White "kenneth m day"]
[Black "frankly"]
[Result "0-1"]
[WhiteCountry "USA"]
[BlackCountry "ENG"]
[WhiteElo "1662"]
[WhiteRD "51"]
[BlackElo "2460"]
[BlackRD "56"]
[GameID "382716"]

1. e4 c5 2. d4 cxd4 3. c3 e5 4. Nf3 Nc6 5. cxd4 exd4 6. Bc4 Bc5 7. Bg5 Nf6 8. e5 d5 9. Bb3 h6 10. Bh4 g5
11. exf6 gxh4 12. Qe2+ Be6 13. Nxh4 Qxf6 14. Nf3 d3 15. Qd2 Rg8 16. O-O Qxf3
0-1

[Event "Challenge Frank"]
[Site "SchemingMind.com"]
[Date "2015.06.29"]
[Round "-"]
[White "frankly"]
[Black "kenneth m day"]
[Result "1-0"]
[WhiteCountry "ENG"]
[BlackCountry "USA"]
[WhiteElo "2460"]
[WhiteRD "56"]
[BlackElo "1662"]
[BlackRD "51"]
[GameID "382717"]

1. d4 d5 2. Nf3 Nf6 3. c4 e6 4. Nc3 c5 5. cxd5 cxd4 6. Qxd4 Bd6 7. e4 Nbd7 8. dxe6 Bc5 9. exd7+ Nxd7 10. Qxg7 Rf8
11. Nd5 b6 12. Bb5 Bb7 13. Qe5+
1-0

[Event "Challenge Frank"]
[Site "SchemingMind.com"]
[Date "2015.07.06"]
[Round "-"]
[White "Phillip Beckett"]
[Black "Scooter"]
[Result "0-1"]
[WhiteCountry "ENG"]
[BlackCountry "USA"]
[WhiteElo "1543"]
[WhiteRD "50"]
[BlackElo "1713"]
[BlackRD "49"]
[GameID "382855"]

1. e4 c6 2. d4 d5 3. Nc3 dxe4 4. Nxe4 Bf5 5. Ng3 Bg6 6. Nf3 Nd7 7. c3 Qc7 8. Bd3 Bxd3 9. Qxd3 O-O-O 10. Qe4 Ngf6
11. Qf5 e6 12. Qg5 h6 13. Qf4 Bd6 14. Qe3 Nd5 15. Qd3 Nf4 16. Qf1 Nf6 17. Bxf4 Bxf4 18. Qe2 Bxg3 19. hxg3 Rhe8 20. O-O-O Qa5
21. Kb1 Qb6 22. Ne5 Qc7 23. f4 Nd5 24. Qf3 f6 25. Nc4 Nb6 26. Nxb6+ Qxb6 27. Rhe1 Qc7 28. Re2 Re7 29. Rde1 Rde8 30. Qg4 Qd6
31. Qf3 e5 32. fxe5 fxe5 33. Qf5+ Qd7 34. Qxd7+ Kxd7 35. dxe5 g5 36. Kc2 c5 37. Kd3 Ke6 38. Kc4 b6 39. Rf2 Rf7 40. Rxf7 Kxf7
41. e6+ Ke7 42. Kd5 Rd8+ 43. Kc6 Rd2 44. b4 cxb4 45. cxb4 Rxg2 46. a4 Ra2 47. a5 bxa5 48. bxa5 Rxa5 49. Kb7 Ra3 50. Rh1 Kxe6
51. Rxh6+ Kf5 52. Rh7 Kg4 53. Rg7 a5 54. Kb6 Rxg3 55. Kxa5 Kf3 56. Kb4 g4 57. Kc3 Kf2+ 58. Kd2 Rg1 59. Rf7+ Kg2 60. Ke2 g3
61. Rg7 Ra1 62. Rh7 Ra2+ 63. Ke1 Kg1 64. Rg7 g2 65. Kd1 Kf2 66. Rf7+ Kg1 67. Ke1 Ra3 68. Ke2 Kh2 69. Rh7+ Rh3
0-1

[Event "Challenge Frank"]
[Site "SchemingMind.com"]
[Date "2015.07.06"]
[Round "-"]
[White "Scooter"]
[Black "Phillip Beckett"]
[Result "1-0"]
[WhiteCountry "USA"]
[BlackCountry "ENG"]
[WhiteElo "1712"]
[WhiteRD "45"]
[BlackElo "1589"]
[BlackRD "49"]
[GameID "382856"]

1. d4 d5 2. Nf3 Nf6 3. Bf4 e6 4. e3 c5 5. Bb5+ Bd7 6. Bxd7+ Nbxd7 7. c3 Be7 8. O-O O-O 9. Nbd2 Qb6 10. Qb3 c4
11. Qxb6 Nxb6 12. h3 Na4 13. Rab1 b5 14. Ne5 a5 15. Rfc1 Rfb8 16. Nc6 Rb7 17. Nxe7+ Rxe7 18. b3 cxb3 19. axb3 Nb6 20. c4 bxc4
21. bxc4 Nxc4 22. Nxc4 dxc4 23. Rxc4 Nd5 24. Bg3 h6 25. Rb8+ Rxb8 26. Bxb8 Rb7 27. Bg3 Rb1+ 28. Kh2 Rb4 29. Rc8+ Kh7 30. Bd6 Nb6
31. Bxb4 Nxc8 32. Bxa5 Na7 33. Kg3 Nc6 34. Bb6 Kg6 35. e4 Nb4 36. h4 Nc2 37. f4 Ne1 38. Kf2 Nd3+ 39. Ke3 Nb4 40. g4 Nc6
41. d5 exd5 42. exd5 Ne7 43. Kd4 Kf6 44. d6
1-0